Statistics for Last 10 U.S. States Alphabetically

Click here to take the quiz!

General Stats

  • This quiz has been taken 17,658 times
  • The average score is 7 of 10

Answer Stats

State % Correct
Wyoming
90%
West Virginia
73%
Washington
72%
Utah
72%
Wisconsin
69%
Vermont
69%
Virginia
68%
Texas
66%
Tennessee
62%
South Dakota
41%

Score Distribution

Percentile by Number Answered

Percent of People with Each Score

Your Score History

You have not taken this quiz